Sports Quiz

Random Sports Quiz

Sports Quiz Stats

 Plays Quiz not verified by Sporcle

Support Sporcle.
Go Orange.
Score 0/40 Timer 10:00
0 Plays Today
% Correct
Baseball
100%
Basketball
100%
Football
100%
Hockey
100%
Soccer
83.3%
Cricket
83.3%
Golf
83.3%
Swimming
75%
Rugby
75%
Tennis
66.7%
Lacrosse
58.3%
Volleyball
50%
Water Polo
50%
Bowling
50%
Skiing
41.7%
Snowboarding
41.7%
Wrestling
41.7%
Boxing
41.7%
Handball
33.3%
Field Hockey
33.3%
% Correct
Figure Skating
25%
Archery
25%
Table Tennis
25%
Sprint
25%
Surfing
25%
Gymnastics
25%
Ice Hockey
16.7%
Badminton
16.7%
Cycling
16.7%
Fencing
16.7%
Cross Country
8.3%
Squash
8.3%
Floor Ball
8.3%
Mini Golf
8.3%
Sailing
8.3%
Canoe
8.3%
Kayak
8.3%
Martial Arts
8.3%
Horseback Riding
8.3%
Netball
8.3%

You're not logged in!

Compare scores with friends on all Sporcle quizzes.
OR
Log In

From the Vault

Movie Title Duos

by jaymc

Movie Title Duos: Because sometimes being the star of the show is lonely.
Remove Ads.
Support Sporcle.
Get the best of Sporcle when you Go Orange. This ad-free experience offers more features, more stats, and more fun while also helping to support Sporcle. Thank you for becoming a member.

Show Comments

Extras

Created Mar 22, 2012ReportNominate

Top Quizzes Today


Score Distribution

Your Account Isn't Verified!

In order to create a playlist on Sporcle, you need to verify the email address you used during registration. Go to your Sporcle Settings to finish the process.

Report this User

Report this user for behavior that violates our Community Guidelines.

Details: